LAW FUTURE (S) : british legal development in the 21st century (Record no. 7784)

MARC details
000 -LEADER
fixed length control field 00409nam a22001457a 4500
005 - DATE AND TIME OF LATEST TRANSACTION
control field 20210904135041.0
008 - FIXED-LENGTH DATA ELEMENTS--GENERAL INFORMATION
fixed length control field 210325b ||||| |||| 00| 0 eng d
082 ## - DEWEY DECIMAL CLASSIFICATION NUMBER
Classification number 345.408 23
100 ## - MAIN ENTRY--AUTHOR NAME
Personal name HAYION,DAVID
245 ## - TITLE STATEMENT
Title LAW FUTURE (S) : british legal development in the 21st century
260 ## - PUBLICATION, DISTRIBUTION, ETC. (IMPRINT)
Name of publisher HART PUBLISHING OXFORD AND PORTLAND ,OREGON
Year of publication 2000
300 ## - PHYSICAL DESCRIPTION
Number of Pages 452,P
650 ## - SUBJECT ADDED ENTRY--TOPICAL TERM
Topical Term LAW
942 ## - ADDED ENTRY ELEMENTS (KOHA)
Koha item type Books
Holdings
Lost status Damaged status Home library Current library Shelving location Date acquired Source of acquisition Full call number Accession Number Koha item type
    JRU Library   SHELF-68 C 25/03/2021 PURCHESE 345.408 23 25429 Books